| 000 | 00587cab a2200217 4500 | ||
|---|---|---|---|
| 001 | WB3204-55 | ||
| 008 | 090401t1996 xxu||||| |||| 00| 0 eng d | ||
| 035 | _a(Sirsi) u8689 | ||
| 041 | _aeng | ||
| 245 | _aRoad plans stalled | ||
| 260 | _c1996 | ||
| 350 | _a0 | ||
| 490 |
_aContract Journal _v18 january 1996, 8(1) |
||
| 520 | _aThe government has deferred four more road schemes due to start in 1995/96. | ||
| 650 | _aROAD SCHEMES | ||
| 650 | _aROADBUILDING PROGRAMME | ||
| 650 | _aROADBUILDING | ||
| 690 | _aTRANSPORT AND COMMUNICATIONS | ||
| 942 | _n0 | ||
| 948 | _c04/03/1997 | ||
| 999 |
_c5388 _d5388 |
||